Russia (Бичлэгийн дугаар. 145339)
| 000 -УДИРДЛАГА | |
|---|---|
| Удирдлага | 00947nam a22003137a 4500 |
| 003 - ХЯНАЛТЫН ТОО ТОДОРХОЙЛОГЧ | |
| Код | MN-UlNUM |
| 005 - БИЧИЛТ ХИЙСЭН ОГНОО | |
| Тухайн бичилтийг бичсэн засварласан сүүлийн огноо | 20251113110713.0 |
| 008 - ЕРӨНХИЙ МЭДЭЭЛЭЛ | |
| Ерөнхий мэдээлэл | 251106s1996 ctuab 001 0 eng d |
| 020 ## - ISBN | |
| ISBN | 0697317048 |
| 040 ## - БИЧЛЭГ ҮҮСГЭГЧ БАЙГУУЛЛАГА | |
| Бичлэг үүсгэгч номын сангийн код | МУИС-ийн номын сан |
| 084 ## - ББК АНГИЛАЛ | |
| Нэмэлт тусгалт | Нэг сэдэвт бүтээл |
| ББК ангилал | 63.3(2) |
| Зохиогчийн гурван тэмдэгт | G 60 |
| Мэдлэгийн ялгаа | 63 - Түүх |
| 100 ## - ЗОХИОГЧ | |
| Зохиогчийн нэр | Goldman, Minton F |
| 245 ## - ҮНДСЭН ГАРЧИГ | |
| Номын нэр | Russia |
| Бага гарчгийн мэдээ | The Eurasian republics, and central / Eastern Europe |
| 250 ## - ДАХИН ХЭВЛЭЛТ | |
| Дахин гаралтын дугаар | 6th edition |
| 260 ## - ГАРАЛТЫН МЭДЭЭ | |
| Хэвлэгдсэн газар | Guilford, Connecticut |
| Хэвлэлийн газар | Dushkin/McGraw Hill |
| Хэвлэгдсэн он | 1996 |
| 300 ## - МАТЕРИАЛЫН ТОДОРХОЙЛОЛТ | |
| хуудасны тоо | 308 |
| 500 ## - Тайлбар | |
| Дансны дугаар | БС 3570-3572 |
| 546 ## - ХЭЛНИЙ ТУХАЙ МЭДЭЭ | |
| Хэл | Англи хэл дээр, |
| 653 ## - Түлхүүр үг | |
| Түлхүүр үг | history |
| 653 ## - Түлхүүр үг | |
| Түлхүүр үг | russia |
| 653 ## - Түлхүүр үг | |
| Түлхүүр үг | eurasian Republics |
| 740 ## - НОМЫН ГАРЧИГ | |
| Гарчиг | Russia statistics and map |
| 740 ## - НОМЫН ГАРЧИГ | |
| Гарчиг | The Eurasian republic statisics and map |
| 740 ## - НОМЫН ГАРЧИГ | |
| Гарчиг | The baltic states statisics |
| 740 ## - НОМЫН ГАРЧИГ | |
| Гарчиг | Russia and the Eurasian republics: buildings new political orders |
| 942 ## - ЭЛЕМЕНТИЙН ТӨРӨЛ | |
| Зүйлийн төрөл | Ном |
